01371nam a2200349Ia 4500001001200000003000800012006001900020007001500039008004100054020001800095020001500113020002400128040002100152035002100173050002300194100001900217245010900236246003700345260004800382300001400430490002200444504006600466533015200532650002900684650003400713650004100747655002900788710001700817830004400834856012600878999001701004ebr10409185CaPaEBRm u cr cn|||||||||030725s2003 enk sb 001 0 eng d z9780335209408 z0335209416 z0335209408 (pbk.) : aCaPaEBRcCaPaEBR a(OCoLC)24400646714aHM661b.I66 2003eb1 aInnes, Martin.10aUnderstanding social controlh[electronic resource] :bdeviance, crime and social order /cMartin Innes.3 aDeviance, crime and social order aBuckingham :bOpen University Press,c2003. ax, 176 p.1 aCrime and justice aIncludes bibliographical references (p. [157]-170) and index. aElectronic reproduction.bPalo Alto, Calif. :cebrary,d2010.nAvailable via World Wide Web.nAccess may be limited to ebrary affiliated libraries. 0aSocial controlxHistory. 0aDeviant behaviorxPrevention. 0aCriminal justice, Administration of. 7aElectronic books.2local2 aebrary, Inc. 0aCrime and justice (Buckingham, England)40uhttp://site.ebrary.com/lib/rucke/Doc?id=10409185zAn electronic book accessible through the World Wide Web; click to view c80278d80278